000 00197nam a2200097Ia 4500
008 240625s9999 xx 000 0 und d
041 _aeng
100 _aDIGIT
245 _aDIGIT DVD
260 _c2007
999 _c33585
_d33585